[Event "Geneve"]
[Site "Geneve"]
[Date "1990.??.??"]
[Round "5"]
[White "King, Daniel J"]
[Black "Rogers, Ian"]
[Result "1/2-1/2"]
[WhiteElo "2560"]
[BlackElo "2535"]

1.g3 d5 2.Nf3 Nf6 3.Bg2 e6 4.c4 Be7 5.O-O O-O 6.d4 c6 7.Qc2 b5 8.c5 Nbd7
9.Nbd2 a5 10.e4 Ra6 11.Re1 g6 12.e5 Nh5 13.Nf1 Ra7 14.h4 f5 15.exf6 Bxf6
16.N1h2 Bg7 17.Ng4 Qc7 18.Ng5 Re8 19.Rxe6 Ndf6 20.Nxf6+ Nxf6 21.Bf4 Qb7 22.Rxe8+ Nxe8
23.Re1 Nf6 24.Bd6 Bf5 25.Qe2 Ra8 26.Qe7 Qd7 27.Qxd7 Nxd7 28.Nf3 b4 29.Ne5 Nxe5
30.dxe5 Kf7 31.f3 h5 32.Kf2 Bh6 33.Bf1 Ke6 34.Rd1 Ra7 35.Bd3 Bxd3 36.Rxd3 Bc1
37.b3 a4 38.f4 axb3 39.axb3 Bb2 40.Kf3 Ra1 41.Rd2 Bc3 42.Rg2 Rf1+ 43.Rf2 Rxf2+
44.Kxf2 Bd4+ 45.Kf3 Kf5 46.Bf8 Bc3 47.Ke2 Ke6 48.Bd6 Bb2 49.Bf8 Kf5 50.Bd6 Bd4
51.Kf3 Bg1 52.Kg2 Be3 53.Kf3 Bd4 54.Bf8 Bg1 55.Kg2 Be3 56.Kf3 d4 57.Ke2 Bg1
58.Bd6 Ke6 59.Bc7 Bh2 60.Ba5 Bxg3 61.Kf3 Bxh4 62.Bxb4 Kd5 63.Bd2 Kxc5 64.Ke4 Bd8
65.Be1  1/2-1/2

[Event "BL2-S8990"]
[Site "Germany"]
[Date "1990.??.??"]
[Round "?"]
[White "Ott, Frank"]
[Black "Saacke, Bernd"]
[Result "0-1"]
[WhiteElo "2250"]
[BlackElo "2300"]

1.Nf3 d5 2.g3 e6 3.Bg2 Nf6 4.O-O c5 5.d3 g6 6.Nbd2 Bg7 7.e4 O-O 8.Re1 Nc6
9.c3 a5 10.a4 b6 11.exd5 Nxd5 12.Nc4 Ba6 13.Bg5 Qc7 14.Qd2 Rfe8 15.Rad1 Nce7
16.Bh6 Bh8 17.g4 Nc6 18.Qc1 Rad8 19.Re2 Bg7 20.Bg5 f6 21.Bd2 g5 22.Rde1 e5
23.Qc2 Re7 24.h4 h6 25.Nh2 Red7 26.Be4 Nce7 27.Nf3 Kf8 28.Qb3 Rb8 29.Na3 Qd6
30.hxg5 hxg5 31.Nh2 Qe6 32.Qc2 Rbd8 33.Nb5 Qf7 34.Kh1 Bb7 35.c4 Nb4 36.Bxb4 Bxe4+
37.dxe4 axb4 38.Nf1 Ng6 39.Rd2 Rxd2 40.Nxd2 Qd7 41.Nf1 Qxg4 42.Nh2 Qd7 43.f3 Nf4
44.Ng4 Kf7 45.Kg1 Kg6 46.Nf2 Qd2 47.Qxd2 Rxd2 48.b3 Rb2 49.Re3 Ne2+ 50.Kg2 Nc1
51.Nc7 Nxb3 52.Nd5 Nd4 53.Nxb6 Rc2 54.Kg3 b3 55.Nd3 Ne2+ 56.Kg4 b2 57.Nxb2 Nf4  0-1

[Event "Bundesliga 8990"]
[Site "Germany"]
[Date "1990.??.??"]
[Round "?"]
[White "Muse, Mladen"]
[Black "Meister, Peter"]
[Result "1/2-1/2"]
[WhiteElo "2415"]
[BlackElo "2425"]

1.Nf3 d5 2.g3 c6 3.Bg2 Bg4 4.c4 e6 5.cxd5 exd5 6.O-O Nf6 7.d3 Be7 8.Nc3 O-O
9.e4 Na6 10.h3 Bh5 11.g4 dxe4 12.dxe4 Bg6 13.Qe2 Nc5 14.Ne5 Ncd7 15.Rd1 Qc7
16.Nxd7 Nxd7 17.Be3 Rad8 18.Rac1 Qb8 19.f4 f6 20.b4 Bf7 21.b5 Nb6 22.bxc6 bxc6
23.Qf2 Rxd1+ 24.Nxd1 Rd8 25.Nc3 Rd7 26.e5 fxe5 27.Bxc6 Rd8 28.Ne4 Rc8 29.f5 Ba3
30.Rc3 Nc4 31.Bd7 Qb1+ 32.Qf1 Qxe4 33.Bxc8 Nxe3 34.Qe2 Qd4 35.Rd3 Qa1+ 36.Kf2 Nd5
37.Rxa3 Qd4+ 38.Kf1 Nf4 39.Qe3 Bc4+ 40.Kg1 Qd1+ 41.Kh2 Qc2+ 42.Kg3  1/2-1/2

[Event "Bundesliga 8990"]
[Site "Germany"]
[Date "1990.??.??"]
[Round "?"]
[White "Miles, Anthony J"]
[Black "Fries Nielsen, Jens Ove"]
[Result "1/2-1/2"]
[WhiteElo "2580"]
[BlackElo "2400"]

1.g3 d5 2.Nf3 c6 3.b3 Bg4 4.Bb2 Bxf3 5.exf3 Nd7 6.f4 e6 7.Qe2 Ngf6 8.f5 e5
9.f4 e4 10.g4 h6 11.d3 Qa5+ 12.Kd1 O-O-O 13.Bg2 exd3 14.cxd3 Re8 15.Qf3 h5
16.gxh5 Rxh5 17.Nc3 Ba3 18.Bxa3 Qxa3 19.Rc1 Kb8 20.Rc2 Qb4 21.Ne2 Reh8 22.Qg3 R8h7
23.h4 a5 24.Kc1 a4 25.bxa4 Qxa4 26.Kb1 Rxf5 27.Bh3 Rfh5 28.Bxd7 Nxd7 29.Rd2 Rf5
30.Qe3 Rf6 31.Nd4 Rh8 32.Rg1 Kc8 33.f5 Qa6 34.Ka1 Kd8 35.Qg3 Rg8 36.Rb1 Qa7
37.Qe3 b6 38.Qg5 Qc7 39.Rc1 Kc8 40.Rdc2 Nc5 41.Qe3 Rd8 42.Nf3 d4 43.Nxd4 Qd7
44.Rc4 Rd6 45.Nb3 Nxb3+ 46.axb3 Kb7 47.Qe4 Ra8+ 48.Kb2 Ra5 49.Qg2 g6 50.fxg6 fxg6
51.R1c3 Rad5 52.Qe4 Qg7 53.Kb1 Qf6 54.Qf4 Rf5 55.Qe4 Re5 56.Qf4 Rf5 57.Qe4 Rf1+
58.Rc1 Rf2 59.R1c2 Rf3 60.R2c3 Re6 61.Qg4 Rf1+ 62.Rc1 Rf2 63.Qd4 Qf7 64.Rb4 b5
65.Qc5 Rf1 66.Re4 Rxc1+ 67.Kxc1 Rxe4 68.dxe4 Qf4+ 69.Kb2 Qxe4 70.Qd6 b4 71.Qh2 Qf5
72.Ka2 Qa5+ 73.Kb1 Qd5 74.Ka2 c5 75.Qe2 Qh5 76.Qe4+ Kc7 77.Qe7+ Kc6 78.Qe6+ Kc7
79.Qe7+ Kc8 80.Qe8+ Kb7 81.Qd7+  1/2-1/2

[Event "Bundesliga 8990"]
[Site "Germany"]
[Date "1990.??.??"]
[Round "?"]
[White "Maus, Soenke"]
[Black "Hermann, Manfred"]
[Result "1/2-1/2"]
[WhiteElo "2400"]
[BlackElo "2370"]

1.Nf3 d5 2.g3 Nf6 3.Bg2 c6 4.O-O Bf5 5.d3 h6 6.Nbd2 e6 7.Qe1 Be7 8.e4 Bh7
9.Qe2 a5 10.a4 Na6 11.exd5 cxd5 12.Ne5 Nd7 13.Ndf3 Rc8 14.Bh3 Nac5 15.Bd2 O-O
16.Rfe1 Nxe5 17.Nxe5 Bg5 18.Bc3 Bf6 19.Bd4 Na6 20.c3 Nc5 21.Bxc5 Rxc5 22.d4 Rc8
23.Nd3 Bxd3 24.Qxd3 Qb6 25.Re2 Rc4 26.Bf1 Qb3 27.Ra3 Qb6 28.Qd1 Qc7 29.h4 Be7
30.Rb3 Bd6 31.Re3 Rc6 32.Bd3 e5 33.dxe5 Bxe5 34.Qf3 d4 35.Qe4 g6 36.cxd4 Bg7
37.Kg2 h5 38.Rb5 Rd8 39.d5 Rc5 40.d6 Qxd6 41.Rxb7 Rc7 42.Bc4 Rxb7 43.Qxb7 Qd7
44.Re7 Qxb7+ 45.Rxb7 Rd2 46.Bxf7+ Kh7 47.b4 axb4 48.a5 Bd4 49.a6 Bxf2 50.Kf1 Kh6
51.a7 Bxa7 52.Rxa7 g5 53.Ra6+ Kg7 54.Bxh5 gxh4 55.gxh4 b3 56.Bg6 b2 57.Rb6 Rh2
58.h5 Kh6 59.Kg1 Rd2 60.Rb5 Kg7 61.Rb6  1/2-1/2

[Event "Graested"]
[Site "Graested"]
[Date "1990.??.??"]
[Round "2"]
[White "Hansen, Curt"]
[Black "Berg, Klaus"]
[Result "1/2-1/2"]
[WhiteElo "2570"]
[BlackElo "2410"]

1.g3 d5 2.Nf3 Nf6 3.Bg2 c6 4.O-O Bg4 5.b3 e6 6.Bb2 Bd6 7.c4 O-O 8.h3 Bxf3
9.Bxf3 dxc4 10.Na3 cxb3 11.Nc4 Na6 12.axb3 Nb4 13.Nxd6 Qxd6 14.Ra5 b6 15.Ra4 a5
16.Qa1 Qe7 17.Ba3 Rac8 18.d4 Rfd8 19.Rc1  1/2-1/2

[Event "Graested"]
[Site "Graested"]
[Date "1990.??.??"]
[Round "9"]
[White "Davies, Nigel R"]
[Black "Kuijf, Marinus"]
[Result "1-0"]
[WhiteElo "2475"]
[BlackElo "2490"]

1.Nf3 d5 2.g3 Bg4 3.Bg2 Nd7 4.c4 e6 5.cxd5 exd5 6.O-O Ngf6 7.Nc3 c6 8.d3 Be7
9.h3 Bh5 10.e4 O-O 11.Qc2 Nc5 12.Nh4 dxe4 13.dxe4 Qd3 14.Qxd3 Nxd3 15.Bg5 h6
16.Be3 Nxb2 17.Rfb1 Nc4 18.Rxb7 Nxe3 19.Rxe7 Nxg2 20.Kxg2 Rfe8 21.Rxe8+ Rxe8
22.f3 Nd7 23.g4 Bg6 24.Rd1 Nf8 25.Rd6 Rc8 26.f4 Bh7 27.Nf3 f6 28.Nd4 c5 29.Ndb5 a5
30.a4 Ng6 31.Kf3 Ne7 32.Ke3 Kf8 33.Ra6 Bg8 34.Rxa5 Rd8 35.Ra6 Bc4 36.Rd6 Ra8
37.Rb6 Bf1 38.Nc7 Rc8 39.Ne6+ Kf7 40.f5 Bxh3 41.Rb7 Bf1 42.Nd5 Re8 43.Nxc5 Bc4
44.Nxe7 Rxe7 45.Rxe7+ Kxe7 46.Kd4 Be2 47.a5 Kd6 48.a6 Bb5 49.a7 Bc6 50.Ne6 g5
51.Ng7 Ba8 52.Nh5 Ke7 53.e5 fxe5+ 54.Kxe5 Bf3 55.Nf6 Bb7 56.Nd5+  1-0

[Event "Groningen op"]
[Site "Groningen"]
[Date "1990.??.??"]
[Round "1"]
[White "Sofrigin, Alexej"]
[Black "Motwani, Paul"]
[Result "1/2-1/2"]
[WhiteElo "2260"]
[BlackElo "2425"]

1.Nf3 d5 2.g3 g6 3.d4 Bg7 4.Bg2 Nf6 5.c4 c6 6.cxd5 cxd5 7.Nc3 O-O 8.Ne5 e6
9.O-O Nfd7 10.f4 Nc6 11.b3 f6 12.Nf3 Nb6 13.Ba3 Rf7 14.Rc1 Bd7 15.e3 Bf8
16.Bxf8  1/2-1/2

[Event "Groningen op"]
[Site "Groningen"]
[Date "1990.??.??"]
[Round "6"]
[White "Vanheste, Jeroen"]
[Black "Kuijf, Marinus"]
[Result "1/2-1/2"]
[WhiteElo "2370"]
[BlackElo "2445"]

1.Nf3 d5 2.g3 Bg4 3.Bg2 e6 4.O-O Nd7 5.b3 Be7 6.Bb2 Bf6 7.d4 Ne7 8.Nbd2 c5
9.h3 Bh5 10.e3 Nc6 11.Qc1 cxd4 12.Nxd4 Nxd4 13.Bxd4 Bxd4 14.exd4 O-O 15.c4 dxc4
16.Nxc4 Rb8 17.Qa3 a6 18.d5 exd5 19.Bxd5 Ne5 20.Bg2 Nd3 21.Nb2 Re8 22.Nxd3 Qxd3
23.Rfe1 Bf3 24.Bxf3 Qxf3 25.Qa4 Re2 26.Rxe2 Qxe2 27.Rc1 Qe6 28.Qg4 Qe8 29.Rd1 g6
30.Qd7 Qe2 31.Rc1 Qf3 32.Re1 h5 33.Re3 Qf6 34.Kg2 Qd8 35.Re7 Qxd7 36.Rxd7 b6
37.Kf3 Rc8 38.Rd6 Rc2 39.Rxb6 Rxa2  1/2-1/2

[Event "Mephisto (Women)"]
[Site "Hamburg"]
[Date "1990.??.??"]
[Round "5"]
[White "Voiska, Margarita"]
[Black "Trabert, Bettina"]
[Result "1-0"]
[WhiteElo "2335"]
[BlackElo "2205"]

1.Nf3 d5 2.g3 c6 3.Bg2 Bg4 4.O-O Nf6 5.h3 Bh5 6.d3 Nbd7 7.c4 e6 8.cxd5 cxd5
9.Nc3 Bc5 10.a3 Rc8 11.Bd2 O-O 12.b4 Bd6 13.Qb3 Ne5 14.Nd4 a6 15.Rfc1 Nfd7
16.Na4 Qf6 17.Be3 Nc6 18.Nxc6 Rxc6 19.Rxc6 Qxa1+ 20.Rc1 Qf6 21.Rc2 d4 22.Bc1 b5
23.Nc5 Nxc5 24.bxc5 Bc7 25.Bb2 Rb8 26.c6 e5 27.Qd5 Rd8 28.Qc5 Qd6 29.Qa7 a5
30.g4 Bg6 31.Rc5 e4 32.dxe4 Qh2+ 33.Kf1 d3 34.exd3 Rxd3 35.Qa8+ Rd8 36.Qxd8+ Bxd8
37.Be5  1-0

[Event "Haninge"]
[Site "Haninge"]
[Date "1990.??.??"]
[Round "11"]
[White "Karlsson, Lars"]
[Black "Van der Wiel, John TH"]
[Result "1/2-1/2"]
[WhiteElo "2520"]
[BlackElo "2550"]

1.Nf3 d5 2.g3 c6 3.Bg2 Bg4 4.b3 Nd7 5.Bb2 Ngf6 6.O-O e6 7.d4 Bd6 8.c4 O-O
9.Nbd2 Qb8 10.Ne1 Bf5 11.Nd3 Bxd3 12.exd3 g6 13.Nf3 Nh5 14.Re1 Qd8 15.c5 Be7
16.b4 a5 17.a3 Ng7 18.Bc3 axb4 19.axb4 Ne8 20.Qd2 Rxa1 21.Rxa1 Nc7 22.h4 Nb5
23.Bb2 Re8 24.Bh3 f5 25.Qf4 Bf6 26.Kg2 Qc7 27.Qxc7 Nxc7 28.Ne5 Bxe5 29.dxe5 Ra8
30.Rxa8+ Nxa8 31.Kf3 Nb8 32.Ke3 Nc7 33.d4 Nb5 34.Kd2 Na6 35.Bc3 Nxc3 36.Kxc3 Nc7
37.Bf1 Nb5+ 38.Bxb5 cxb5 39.Kd3 Kg7 40.f3 Kh6  1/2-1/2

[Event "Hastings Challengers9091"]
[Site "Hastings"]
[Date "1990.??.??"]
[Round "?"]
[White "Ledger, Andrew"]
[Black "Sher, Miron N"]
[Result "0-1"]
[WhiteElo "2350"]
[BlackElo "2485"]

1.Nf3 d5 2.g3 c6 3.Bg2 Bg4 4.O-O Nd7 5.d3 e6 6.Nbd2 Bd6 7.b3 Ne7 8.Bb2 O-O
9.e4 Rc8 10.Qe2 c5 11.Rfe1 Nc6 12.h3 Bh5 13.Nf1 d4 14.g4 Bg6 15.c3 Nde5 16.N3d2 dxc3
17.Bxc3 Nxd3 18.Red1 Nf4 19.Qe3 Nd4 20.Ng3 Qc7 21.Rac1 Nxg2 22.Kxg2 Bf4 23.Qe1 Rfd8
24.b4 c4 25.Ngf1 b5 26.Ne3 Nc6 27.a4 a6 28.axb5 axb5 29.f3 Ne5 30.Bxe5 Bxe5
31.Nb1 h5 32.Nc3 Qb6 33.gxh5 Bxh5 34.Ng4 Bd4 35.Ne2 Bxg4 36.hxg4 Bf6 37.Nf4 Rxd1
38.Rxd1 Rd8 39.Nh5 Rxd1 40.Qxd1 Bd4 41.Qd2 g6 42.Qg5 Qd6 43.f4 c3 44.f5 exf5
45.gxf5 Be5  0-1

[Event "Hastings Masters"]
[Site "Hastings"]
[Date "1990.??.??"]
[Round "?"]
[White "Conquest, Stuart"]
[Black "Kaidanov, Grigory S"]
[Result "1/2-1/2"]
[WhiteElo "2515"]
[BlackElo "2500"]

1.Nf3 d5 2.g3 g6 3.Bg2 Bg7 4.c4 dxc4 5.Qa4+ Nc6 6.Qxc4 e5 7.d3 Nge7 8.Nc3 h6
9.O-O Be6 10.Qa4 O-O 11.Bd2 f5  1/2-1/2

[Event "Hastings Challengers9091"]
[Site "Hastings"]
[Date "1990.??.??"]
[Round "?"]
[White "McNab, Colin Anderson"]
[Black "Tischbierek, Raj"]
[Result "0-1"]
[WhiteElo "2385"]
[BlackElo "2495"]

1.Nf3 d5 2.g3 g6 3.Bg2 Bg7 4.O-O Nf6 5.d3 O-O 6.Nbd2 c5 7.e4 Nc6 8.c3 b6
9.Re1 e6 10.a3 a5 11.a4 Ba6 12.Bf1 Nd7 13.exd5 exd5 14.d4 cxd4 15.Nxd4 Nxd4
16.cxd4 Bxf1 17.Nxf1 Nb8 18.Bf4 Nc6 19.Be5 Bh6 20.Qg4 Re8 21.Bf4 Bg7 22.Bg5 Qc8
23.Rxe8+ Qxe8 24.Rd1 h5 25.Qf3 Qd7 26.Bf6 Re8 27.Bxg7 Kxg7 28.Qb3 Nb4 29.Ne3 h4
30.Rc1 h3 31.Qd1 Re4 32.Nf1 Qe6 33.Ne3 Rxe3 34.fxe3 Qxe3+ 35.Kf1 Qe4 36.Qd2 Qh1+
37.Ke2 Qxh2+ 38.Kd1 Qg1+ 39.Ke2 Qg2+ 40.Ke1 Nd3+  0-1

[Event "Hastings Challengers9091"]
[Site "Hastings"]
[Date "1990.??.??"]
[Round "?"]
[White "McNab, Colin Anderson"]
[Black "Dragomarezkij, Evgeni"]
[Result "1-0"]
[WhiteElo "2385"]
[BlackElo "2435"]

1.Nf3 d5 2.g3 c5 3.c4 d4 4.Bg2 Nc6 5.O-O e5 6.e3 f6 7.d3 Bg4 8.exd4 cxd4
9.Na3 Bxa3 10.bxa3 Nge7 11.Rb1 Qd7 12.Qb3 Rb8 13.Re1 O-O 14.a4 Kh8 15.Ba3 Bh3
16.Bh1 b6 17.Qb5 Qc7 18.Nd2 Rfd8 19.Rbc1 Bd7 20.c5 Be8 21.Nc4 bxc5 22.Qxc5 Qd7
23.Bxc6 Qxc6 24.Qxe7 Bh5 25.Nxe5 Qxa4 26.Nc6 Re8 27.Qc5  1-0

[Event "HUN-ch (Women)"]
[Site "?"]
[Date "1990.??.??"]
[Round "10"]
[White "Ivanka Budinsky, Maria"]
[Black "Forgo, Eva"]
[Result "1/2-1/2"]
[WhiteElo "2265"]
[BlackElo "2220"]

1.Nf3 d5 2.g3 Nf6 3.Bg2 g6 4.O-O Bg7 5.c4 c6 6.cxd5 cxd5 7.d4 O-O 8.Nc3 Nc6
9.Ne5 Nxe5 10.dxe5 Ng4 11.Qxd5 Nxe5 12.Bf4 Nc6 13.Qxd8 Rxd8  1/2-1/2

[Event "Katowice op"]
[Site "Katowice"]
[Date "1990.??.??"]
[Round "2"]
[White "Bojczuk, Zygmunt"]
[Black "Jagodzinska, Joanna"]
[Result "1-0"]
[WhiteElo "2385"]
[BlackElo "2145"]

1.Nf3 d5 2.g3 Nf6 3.Bg2 c6 4.d3 Bf5 5.Nbd2 h6 6.b3 e6 7.Bb2 Be7 8.e4 Bh7
9.O-O O-O 10.Qe2 c5 11.Ne5 Qc7 12.f4 a5 13.a4 Na6 14.Ng4 d4 15.Nxf6+ Bxf6
16.Nc4 Nb4 17.Rf2 Rae8 18.Raf1 Bd8 19.Bc1 Kh8 20.Qh5 f5 21.e5 Be7 22.h3 Bg8
23.Qf3 b6 24.g4 g6 25.Qg3 Qd8 26.gxf5 Bh4 27.Qxg6 Bxf2+ 28.Rxf2 exf5 29.Qxh6+ Bh7
30.Ba3 Nd5 31.Nd6 Ne3 32.Bc1 Re7 33.Bxe3 dxe3 34.Re2 Rg8 35.Qf6+ Reg7 36.Nf7+  1-0

[Event "Katowice op"]
[Site "Katowice"]
[Date "1990.??.??"]
[Round "3"]
[White "Nazarov, Anvar"]
[Black "Kveinys, Aloyzas"]
[Result "1/2-1/2"]
[WhiteElo "2255"]
[BlackElo "2475"]

1.Nf3 d5 2.g3 c5 3.Bg2 Nc6 4.O-O e5 5.d3 Nf6 6.b3 Be7 7.Bb2 Qc7 8.Nc3 O-O
9.e4 d4 10.Nb5 Qb8 11.a4 a6 12.Na3 b5 13.Bc1 Bd7 14.Nh4 Rc8 15.Nf5 Bf8 16.f4 Be6
17.fxe5 Nxe5 18.Bf4 Nfd7 19.Nb1 Qb6 20.Nd2 c4 21.bxc4 bxc4 22.Nf3 Nxf3+ 23.Bxf3 cxd3
24.cxd3 Rc3 25.Rb1 Qc5 26.Kh1 Ne5 27.Be2 Rd8 28.Bd2 Rc2 29.Bb4 Qc6 30.Be7 Bxf5
31.Bxd8 Bh3 32.Re1 Ra2 33.Bg5 Qg6 34.Bf4 Ng4 35.Rb8 Qh5 36.Kg1 Bf1 37.h4 Bxe2
38.Rxe2 Ne3 39.Qb1 Ra1 40.Qxa1 Qxe2 41.Rb2 Qxd3 42.Qb1 Qa3 43.Rb8 h6 44.Rd8 Qc3
45.Bxe3 dxe3 46.Rd3 Qe5 47.Qe1 Qxe4 48.Qe2 Bc5 49.Kh2 a5 50.h5 Kh7 51.Rc3 Qf5
52.Qc2 Qxc2+ 53.Rxc2 Bb4 54.Kg2 g6  1/2-1/2

[Event "Balkaniad"]
[Site "Kavala"]
[Date "1990.??.??"]
[Round "4"]
[White "Radulov, Ivan"]
[Black "Cvetkovic, Srdjan"]
[Result "1/2-1/2"]
[WhiteElo "2400"]
[BlackElo "2430"]

1.Nf3 d5 2.g3 Nf6 3.Bg2 e6 4.O-O Be7 5.c4 O-O 6.b3 b6 7.Bb2 Bb7 8.e3 c5 9.Nc3 dxc4
10.bxc4 Nc6 11.Qe2 a6 12.d3 Qc7 13.Rfd1  1/2-1/2

[Event "Kecskemet"]
[Site "Kecskemet"]
[Date "1990.??.??"]
[Round "13"]
[White "Barczay, Laszlo"]
[Black "Ruf, Matthias"]
[Result "0-1"]
[WhiteElo "2335"]
[BlackElo "2295"]

1.Nf3 d5 2.g3 Nf6 3.Bg2 c6 4.d3 Bg4 5.Nbd2 Nbd7 6.O-O e6 7.b3 Be7 8.Bb2 O-O
9.c4 a5 10.a3 b5 11.Qc2 Qb8 12.Rac1 Rc8 13.cxb5 cxb5 14.Qxc8+ Qxc8 15.Rxc8+ Rxc8
16.Rc1 Rxc1+ 17.Bxc1 b4 18.a4 e5 19.d4 e4 20.Ne5 Bxe2 21.Nxd7 Nxd7 22.Bf1 Bd1
23.Bb5 Nb6 24.Kf1 Bf6 25.Ke1 Bc2 26.Bb2 Bg5 27.f4 exf3 28.Nxf3 Bh6 29.Nd2 Bxd2+
30.Kxd2 Bxb3  0-1

[Event "Kherson"]
[Site "Kherson"]
[Date "1990.??.??"]
[Round "?"]
[White "Serebro, Alexsandr"]
[Black "Ginsburg, Gennadij"]
[Result "0-1"]
[WhiteElo "2290"]
[BlackElo "2280"]

1.Nf3 d5 2.g3 c5 3.Bg2 Nc6 4.d4 e6 5.O-O Nf6 6.c4 Be7 7.cxd5 exd5 8.Nc3 O-O
9.Bg5 cxd4 10.Nxd4 h6 11.Be3 Bg4 12.Qa4 Qd7 13.Nxd5 Nxd5 14.Bxd5 Nxd4 15.Qxd4 Bf6
16.Qc4 Rac8 17.Qb3 Bxe2 18.Rfe1 Bb5 19.Bxa7 Ba4 20.Qf3 b5 21.Be3 Bxb2 22.Rab1 Bc3
23.Rec1 b4 24.a3 bxa3 25.Rb7 Qe8 26.Qf5 Bc6 27.Bxf7+ Rxf7 28.Rxf7 Be4 29.Rf8+ Qxf8
30.Qxe4 Qf7 31.Qc2 Rc7 32.Qa4 a2 33.Bd2 Ra7  0-1

[Event "Kherson"]
[Site "Kherson"]
[Date "1990.??.??"]
[Round "?"]
[White "Serebro, Alexsandr"]
[Black "Stripunsky, Alexander"]
[Result "0-1"]
[WhiteElo "2290"]
[BlackElo "2310"]

1.Nf3 d5 2.g3 c6 3.Bg2 Bg4 4.O-O Nd7 5.d4 e6 6.Nbd2 f5 7.Ne1 Ngf6 8.Nd3 Bd6
9.Nf3 O-O 10.Bf4 Bxf3 11.Bxd6 Bxg2 12.Kxg2 Re8 13.f3 Nf8 14.Bb4 Ng6 15.Ne5 Nxe5
16.dxe5 Nd7 17.Bd6 Nb6 18.b3 Nc8 19.Ba3 Qc7 20.Bb2 Ne7 21.e4 dxe4 22.fxe4 Rad8
23.Qe2 fxe4 24.Qxe4 Nf5 25.Rf2 Qb6 26.Re1 Rf8 27.Ree2 Rf7 28.g4 Nh4+ 29.Kg3 Rxf2
30.Rxf2 Ng6 31.Ba3 Rd4 32.Qe2 Qd8 33.h3 Qh4+ 34.Kh2 Rxg4 35.Qe3 Re4 36.Qd2 Nf4
37.Rf3 h6 38.Re3 Rd4 39.Qe1 Qg5 40.Rf3 Qf5 41.Qf2 Re4 42.Re3 Qxe5  0-1

[Event "Kirchheim rapid"]
[Site "Kirchheim"]
[Date "1990.??.??"]
[Round "8"]
[White "Gutman, Lev"]
[Black "Blagojevic, Dragisa"]
[Result "0-1"]
[WhiteElo "2475"]
[BlackElo "2395"]

1.Nf3 d5 2.g3 c6 3.Bg2 Bg4 4.Ne5 Bh5 5.d4 Nd7 6.Nd3 e6 7.O-O Ngf6 8.Nd2 Be7
9.Nf4 Bg4 10.f3 Bf5 11.e4 dxe4 12.fxe4 Bg4 13.Qe1 e5 14.dxe5 Nxe5 15.h3 Bd7
16.Nf3 Nxf3+ 17.Bxf3 O-O 18.e5 Nd5 19.Kh2 Nxf4 20.gxf4 Bf5 21.Be4 Qd7 22.Rg1 f6
23.Qg3 g6 24.Bxf5 Qxf5 25.Rg2 Bc5 26.Bd2 Rae8 27.Bc3 Bb6 28.exf6 Bc7 29.Rf1 Re4
30.Qg4 Rxf4 31.Rxf4 Qxf4+ 32.Qxf4 Bxf4+ 33.Kh1 Kf7 34.Rf2 Be3 35.Rf3 Re8
36.Kg2 Bg5 37.h4 Bxh4 38.Rh3 Re4 39.Kf3 Rc4  0-1

[Event "JUG-ch (Women)"]
[Site "Kladovo"]
[Date "1990.??.??"]
[Round "?"]
[White "Petek Medic, Mirjana"]
[Black "Kokanovic, Ksenija"]
[Result "1-0"]
[WhiteElo "2210"]
[BlackElo "2165"]

1.Nf3 d5 2.g3 e6 3.Bg2 f5 4.O-O Nf6 5.d3 Bd6 6.c4 O-O 7.Nc3 dxc4 8.dxc4 Nc6
9.e4 e5 10.exf5 Bxf5 11.Be3 Qe7 12.Ng5 Kh8 13.Nge4 Nxe4 14.Nxe4 Bxe4 15.Bxe4 Nd4
16.Qh5 g6 17.Bxg6 Rg8 18.Be4 Raf8 19.Bxd4 exd4 20.Bxb7 Rg5 21.Qd1 c5 22.Bg2 Re5
23.Re1 Qf7 24.Re2 Qxc4 25.Rxe5 Bxe5 26.f4 Bg7 27.b3 Qc3 28.Qe1 Qe3+ 29.Qxe3 dxe3
30.Rc1 Bd4 31.Kf1 a5 32.Ke2 Rb8 33.Bd5 Rb6 34.Bc4 Kg7 35.Kf3 Rh6 36.Rc2 Rb6
37.g4 Kf6 38.h4 Rb7 39.Rg2 Rg7 40.g5+ Ke7 41.f5 Kf8 42.f6 Rc7 43.Rg4 Ra7
44.Re4 Rb7 45.Re6 a4 46.h5 axb3 47.axb3 h6 48.g6 e2 49.g7+  1-0

[Event "JUG-ch (Women)"]
[Site "Kladovo"]
[Date "1990.??.??"]
[Round "?"]
[White "Rodic Kures, Gordana"]
[Black "Micic, Jordanka"]
[Result "1/2-1/2"]
[WhiteElo "2050"]
[BlackElo "2210"]

1.Nf3 d5 2.g3 c6 3.Bg2 Bg4 4.d3 e6 5.Nbd2 Bd6 6.e4 Nd7 7.O-O Ne7 8.Qe2 O-O
9.h3 Bh5 10.g4 Bg6 11.e5 Bc7 12.c3 c5 13.d4 Nc6 14.dxc5 Nxc5 15.Qe3 Nd3 16.Kh1 Ncxe5
17.Nxe5 Nxe5 18.f4 Nc6 19.f5 Qd6 20.Qg1 exf5 21.gxf5 Bh5 22.Nb3 Qg3 23.Be3 Rfe8
24.Rae1 b6 25.Bf2 Qd6 26.Be3 Qg3 27.Bf2 Qd3 28.f6 g6 29.Nc1 Qc4 30.Be3 Kh8
31.Qf2 Rad8 32.Bh6 Be5 33.Bg7+ Kg8 34.Bh6 Re6 35.Bg7 Rde8 36.Qd2 Qh4 37.Qh6 Bd6
38.Bh8 Bf8 39.Rxe6 Rxe6 40.Bg7 Bd6 41.Bh8 Bf8 42.Bg7 Re1 43.Bxf8 Rxf1+ 44.Bxf1 Bf3+
45.Bg2 Qe1+ 46.Kh2 Qe5+  1/2-1/2

[Event "JUG-ch"]
[Site "Kladovo"]
[Date "1990.??.??"]
[Round "?"]
[White "Damljanovic, Branko"]
[Black "Cvetkovic, Srdjan"]
[Result "1-0"]
[WhiteElo "2535"]
[BlackElo "2435"]

1.Nf3 d5 2.g3 Nf6 3.Bg2 e6 4.O-O Be7 5.d3 b6 6.b3 Bb7 7.Bb2 O-O 8.c4 c5 9.e3 Nc6
10.Qe2 Qc7 11.Nc3 dxc4 12.bxc4 a6 13.Rfd1 Rab8 14.Rab1 Na5 15.Ba1 Nd7 16.a4 Rfd8
17.h4 Bc6 18.Ne1 Bxg2 19.Nxg2 Nf6 20.g4 Nc6 21.g5 Ne8 22.Ne4 Nb4 23.Nf4 Qc6
24.Qg4 Qxa4 25.h5 Qd7 26.Be5 Rb7 27.g6 Nc6 28.d4 cxd4 29.exd4 Nxe5 30.dxe5 Qc8
31.gxf7+ Kxf7 32.Rxd8 Bxd8 33.c5 bxc5 34.Rxb7+ Qxb7 35.Qxe6+ Kf8 36.Qxe8+ Kxe8
37.Nd6+ Kd7 38.Nxb7 Be7 39.Na5 Bg5 40.Nh3 Bd2 41.Nc4 Bc3 42.Nf4 Kc6 43.Kg2 g5
44.hxg6 hxg6 45.Nxg6 Kd5 46.Ne3+ Ke6 47.f4 a5 48.f5+ Kf7 49.Nd5  1-0

[Event "JUG-ch"]
[Site "Kladovo"]
[Date "1990.??.??"]
[Round "?"]
[White "Damljanovic, Branko"]
[Black "Kosic, Dragan"]
[Result "1/2-1/2"]
[WhiteElo "2535"]
[BlackElo "2415"]

1.Nf3 d5 2.g3 c6 3.Bg2 Bg4 4.d3 Nd7 5.Nbd2 e6 6.O-O Bd6 7.e4 Ne7 8.h3 Bh5
9.Nb3 Ne5 10.Qe2 Bxf3 11.Bxf3 Nxf3+ 12.Qxf3 O-O 13.Kg2 dxe4 14.dxe4 e5 15.Rd1 Qc7
16.Be3 Rad8 17.Qe2 Nc8 18.a4 Be7 19.a5 Rxd1 20.Rxd1 Rd8 21.Ra1 g6 22.h4 h5
23.g4 hxg4 24.Qxg4 Qd7 25.Qg3 Qe6 26.h5 Kg7 27.Rh1 b6 28.Nd2 Nd6 29.Nf3 bxa5
30.Qxe5+ Qxe5 31.Nxe5 Bf6 32.h6+ Kh7 33.Ng4 Be7 34.Bc5 f5 35.Ne5 Re8 36.Nxc6 Bf8
37.e5 Nf7 38.Bxf8 Rxf8 39.f4 Nxh6 40.Nd4 Rd8 41.c3 Rb8 42.b3 Rc8 43.c4 a4
44.bxa4 Rxc4 45.Ne6 Rxa4 46.Rc1 Ra2+ 47.Kg3 Ra3+ 48.Kh4 Ng4 49.Rc7+ Kg8 50.Rg7+ Kh8
51.Rxg6 Re3 52.Ng5 Re1 53.Nf7+ Kh7 54.Ra6 Kg7 55.Rxa7 Kg6 56.Nh8+ Kh6 57.Nf7+ Kg6
58.Nh8+ Kh6 59.Ra6+ Kg7 60.Ng6 Ne3 61.Kh5 Rh1+ 62.Kg5 Rg1+ 63.Kh5 Rh1+ 64.Nh4 Kf7
65.Rf6+ Ke7 66.Rg6 Kf7 67.Rh6 Rh3 68.Rf6+ Ke7 69.Rg6 Kf7 70.Rg1 Nd5 71.Kg5 Nxf4
72.Nxf5 Nd3 73.Rb1 Nxe5 74.Rb7+ Ke6 75.Rb6+ Kd7 76.Rd6+ Kc7 77.Re6 Nd7 78.Re1  1/2-1/2

[Event "JUG-ch"]
[Site "Kladovo"]
[Date "1990.??.??"]
[Round "?"]
[White "Damljanovic, Branko"]
[Black "Miljanic, Boro"]
[Result "1-0"]
[WhiteElo "2535"]
[BlackElo "2385"]

1.Nf3 d5 2.g3 c5 3.c4 e6 4.cxd5 exd5 5.d4 Nc6 6.Bg2 Nf6 7.O-O Be7 8.Nc3 O-O
9.dxc5 Bxc5 10.Na4 Be7 11.b3 Re8 12.Bb2 Bg4 13.Rc1 Ne4 14.Nd4 Nxd4 15.Bxd4 b5
16.Nb2 Bh5 17.Nd3 Bg5 18.Rc2 Rc8 19.Re1 b4 20.Nxb4 Rxc2 21.Nxc2 Qa5 22.Bf3 Bg6
23.Ne3 Qxa2 24.Qa1 Qxb3 25.Rb1  1-0

[Event "JUG-ch"]
[Site "Kladovo"]
[Date "1990.??.??"]
[Round "?"]
[White "Lazic, Miroljub"]
[Black "Dizdar, Goran"]
[Result "1/2-1/2"]
[WhiteElo "2495"]
[BlackElo "2470"]

1.Nf3 d5 2.g3 Bg4 3.Bg2 c6 4.O-O Nd7 5.d3 e6 6.Nbd2 Bd6 7.Qe1 Ne7 8.e4 O-O
9.h3 Bxf3 10.Nxf3 Qb6 11.Kh1 a5 12.Nd2 a4 13.Rb1 a3 14.b3 Bb4 15.Qe2 Bc3
16.b4 Ra4 17.Rb3 Bb2 18.Bxb2 axb2 19.a3 Nc8 20.Nb1 Qa6 21.b5 Qa5 22.bxc6 bxc6
23.exd5 exd5 24.c4 dxc4 25.dxc4 Qc5 26.Qxb2 Rxc4  1/2-1/2

[Event "JUG-ch"]
[Site "Kladovo"]
[Date "1990.??.??"]
[Round "?"]
[White "Dizdar, Goran"]
[Black "Todorovic, Goran M"]
[Result "1-0"]
[WhiteElo "2470"]
[BlackElo "2415"]

1.Nf3 d5 2.g3 Nf6 3.Bg2 e6 4.O-O Be7 5.c4 c5 6.b3 Nc6 7.e3 O-O 8.Bb2 d4 9.exd4 cxd4
10.Re1 Ne8 11.Ne5 Nxe5 12.Rxe5 f6 13.Re1 e5 14.d3 Nc7 15.Nd2 a5 16.a3 Kh8
17.Bc1 Ne6 18.Ne4 f5 19.Nd2 Nc5 20.Nf3 e4 21.dxe4 fxe4 22.Nxd4 Nd3 23.Be3 Nxe1
24.Bxe4 Qe8 25.Bd5 Bf6 26.Qxe1 Qh5 27.Ra2 Bh3 28.Ne6 Bxe6 29.Bxe6 Rae8 30.Bd5 Bd4
31.Re2 Rf6 32.Bxd4 Rxe2 33.Qxa5 Rfe6 34.Qc7 Re7 35.Qf4 Qe8 36.h4 Rd7 37.h5 Rxd5
38.cxd5 Re4 39.Qd2 Qxh5 40.Be3 Re8 41.d6 Qb5 42.a4 Qd7 43.Bb6 h6 44.Qd5 Re1+
45.Kg2 Rc1 46.a5 Rc6 47.Bc5 Rc8 48.b4 Rd8 49.Qd3 Qc6+ 50.Qf3 Qb5 51.Qf7 Rd7
52.Qe8+ Kh7 53.Qc8 Rf7 54.Qe6 Rd7 55.Qf5+ Kh8 56.Qg6 Kg8 57.Kg1 Kh8 58.g4 Kg8
59.Kh2 Kh8 60.Kg3 Kg8 61.Qe8+ Kh7 62.f3 Qa4 63.Qe4+ Kh8 64.Qe8+ Kh7 65.Qe6 Qb5
66.Qe4+ Kh8 67.Qe8+ Kh7 68.Kh4 Qa4 69.Qe4+ Kh8 70.Qe8+ Kh7 71.g5 hxg5+ 72.Kxg5 Qb5
73.Qe4+ Kg8 74.Qe8+ Kh7 75.a6 bxa6 76.Qe4+ Kg8 77.Kg6  1-0